000
00318nam a2200109Ia 4500
008
200302s9999 xx 000 0 und d
100
_a
Ernest Flagg
245
_a
Flagg's small houses their economic design and construction, 1922
260
_b
Dover Publication Inc mineola /New Yark
260
_c
2006
300
_a
152 P.,
999
_c
4143
_d
4143